Sports Quiz

Random Sports or WWE Quiz

Royal Rumble Number 27 Entrants Quiz Stats

 Plays Quiz not verified by Sporcle

Challenge
Share
Tweet
Embed
Score 0/22 Timer 10:00
0 Plays Today
Year Name % Correct
2001'Stone Cold' Steve Austin
81.2%
1994Bret Hart
78.6%
1996Isaac Yankem
70.9%
2005Kane
67.5%
1993Yokozuna
65.8%
1989Big John Studd
64.1%
2002The Big Show
62.4%
2004Billy Gunn
51.3%
2009Dolph Ziggler
43.6%
2010Kofi Kingston
42.7%
2007Carlito
41%
Year Name % Correct
2003Goldust
38.5%
1998Faarooq
35.9%
2008Finlay
35.9%
1999Jeff Jarrett
32.5%
1990The Barbarian
31.6%
1997Flash Funk
30.8%
2000Bradshaw
29.9%
2006Viscera
29.1%
1995Dick Murdoch
26.5%
1992Skinner
25.6%
1991Bushwacker Luke
21.4%

You're not logged in!

Compare scores with friends on all Sporcle quizzes.
Join for Free
OR
Log In

You Might Also Like...

Show Comments

Extras

Top Quizzes Today


Score Distribution

Your Account Isn't Verified!

In order to create a playlist on Sporcle, you need to verify the email address you used during registration. Go to your Sporcle Settings to finish the process.

Report this User

Report this user for behavior that violates our Community Guidelines.

Details: